00371nam a2200109Ia 4500082001700000245007900017260004100096500006600137650001400203700002000217700002400237 a320.954 IND- 0aIndian social democracy: integrating markets, democracy and social justice aNew DelhibAcademic Foundationc2013 acontents: 2 Vols. vol 1 (444p) - vol 2 (324p), includes index aDEMOCRACY aKhilnani, Sunil aMalhoutra, Manmohan